| 000 | 00000nam##2200000za#4500 |
| 001 | 9.602563 |
| 003 | CaOODSP |
| 005 | 20230801131716 |
| 007 | cr ||||||||||| |
| 008 | 150406|2008||||xxc|||||o f|0| 0 fre|d |
| 040 | |aCaOODSP|bfre |
| 043 | |an-cn--- |
| 086 | 1 |aPS83-5/R197F-PDF |
| 110 | 2 |aService correctionnel Canada. |bDirection de la recherche. |
| 245 | 10|aExamen des unités de garde en milieu fermé pour les femmes / |h[ressource électronique]|cpréparé par Renée Gobeil & Kim Allenby. |
| 260 | |bService correctionnel Canada. |cNovembre 2008. |
| 300 | |a1p. |
| 490 | 1 |aRecherche en un coup d'oeil|vR197 |
| 500 | |aPour le Rapport de recherche associé, veuillez consulter le n° de catalogue PS83-3/197F-PDF. |
| 504 | |aBibliographie. |
| 590 | |a11-27-Supp|b2011-11-15 |
| 720 | 1 |aGobeil, Renée |
| 720 | 1 |aAllenby, Kim |
| 775 | 08|tAn examination of secure units for women offenders / |w(CaOODSP)9.572151 |
| 830 | #0|aRecherche en un coup d'œil (Service correctionnel Canada)|vR197|w(CaOODSP)9.503037 |
| 856 | 40|ahttp://publications.gc.ca|qPDF|s108 Ko|uhttps://publications.gc.ca/collections/collection_2011/scc-csc/PS83-5-R197-fra.pdf|yR197 |